000 00757nam a22002177a 4500
005 20251108173453.0
008 250721s2004 xx 000 0 ara d
020 _a9990601305
082 1 4 _a723.3/ وزي
100 1 _aوزيري، د.م. يحيى
_eمؤلف
245 1 0 _aالعمارة الإسلامية و البيئة : الروافد التي شكلت التعمير الإسلامي /
264 1 _aالصفاة :
_bالمجلس الوطني للثقافة و الفنون و الآداب،
_c2004.
300 _a285ص.
490 0 _aعالم المعرفة
_v304
650 1 7 _aالعمارة الإسلامية
650 1 7 _aالمساجد
650 1 7 _aالحدائق
650 1 7 _aالبيئة
942 _2ddc
_cBK
999 _c104660
_d104660